Normal view
MARC view
- Universidad Nacional Autónoma de México.
Entry Nombre Corporativo
001 - NÚMERO DE CONTROL
- campo de control: 48397
003 - IDENTIFICADOR DE NUMERO DE CONTROL
- campo de control: MX-MxUPN
005 - FECHA Y HORA DE LA ÜLTIMA TRANSACCIÓN
- campo de control: 20230317150116.0
008 - DATOS DE LONGITUD FIJA
- campo de control de longitud fija: 230317|| acn||aabn | a|a d
040 ## - FUENTE DE CATALOGACIÓN
- Agencia original de catalogación: MX-MxUPN
- Lenguaje de catalogación: spa
- Agencia transcribe: MX-MxUPN
110 2# - ENCABEZAMIENTO - NOMBRE CORPORATIVO
- Nombre corporativo o de jurisdicción como elemento de entrada : Universidad Nacional Autónoma de México.
- Unidad subordinada: Centro de Estudios Literarios
- Subdivisión temática general: Historia
670 ## - FUENTE EN LA QUE SE LOCALIZARON DATOS
- Cita de la fuente : Autoridades Librunam, 17 marzo 2023:
- Información localizada: (Universidad Nacional Autónoma de México. Centro de Estudios Literarios -- Historia)
902 ## - CATALOGADOR
- Catalogador: Víctor Ruiz/170323
